| 000 | 00499nam a2200181Ia 4500 | ||
|---|---|---|---|
| 008 | 240925s9999 xx 000 0 und d | ||
| 020 | _a9788126556168 | ||
| 082 | _a332.6 MCM | ||
| 100 | _aMccMillan, Micheal G. | ||
| 245 | 0 | _aInvestments: principles of portfolio and equity analysis | |
| 250 | _aNA | ||
| 260 |
_aNew Delhi: _bJohn Wiley & Sons _c,2011. |
||
| 300 |
_a1040p. _b0 _fOriginal |
||
| 500 | _aIncludes Index | ||
| 600 | _aSocial Sciences | ||
| 650 | _aSocial Sciences | ||
| 942 | _cBK | ||
| 999 |
_c16517 _d16517 |
||